| LEADER 00000nam 2200000uu 4500 |
| 001 13399111470 |
| 003 BCNR |
| 008 110407s2552||||th 000 0 tha d |
| 020 974110975X
|
| 060 04 WA30^bก491 2552
|
| 245 00 การเปลี่ยนแปลงสภาพภูมิอากาศของโลกกับสุขภาพมนุษย์-ความเสี่ยงและการตอบสนอง บทสรุป =^bClimate change and humanhealth : risk and responses Summary /^cองค์การอนามัยโลก ; เบญจพร พอเลอร์, ผู้แปล
|
| 246 31 Climate change and humanhealth : risk and responsesSummary
|
| 250 พิมพ์ครั้งที่ 2
|
| 260 กรุงเทพฯ :^bเดอะ กราฟิโกซิสเต็มส์,^c2552
|
| 300 0038 หน้า :^bภาพประกอบ, แผนที่ ;^c21 ซม
|
| 650 7 ความเสี่ยง
|
| 650 7 ภูมิอากาศ
|
| 650 7 สุขภาพ
|
| 700 0 เบญจพร พอเลอร์
|
| 710 2 องค์การอนามัยโลก
|
| 999 ^aบรรณารักษ์
|